=LDR 00000nam 2200000 4500 =001 INLIS000000000014697 =005 20130612105957 =008 ***********************************Ind** =035 ##$$0010-061300000014697 =041 ##$$a Ind =082 ##$$a F 813 =090 ##$$a F 813, Saf s =100 ##$$a Safnas, Hanum =245 ##$$a Sebuah episode, Hanum Safnas =260 ##$$a 2000 $b Yogyakarta =300 ##$$a 125 hlm, Ilus, 20 cm =650 ##$$a Fiksi Indonesia =850 ##$$a NBPNMAT